Javon 'Wanna' Walton Filmography - Statistics

General Stats
  • This quiz has been taken 71 times
    44 since last reset
  • The average score is 5 of 7
Answer Stats
Type Year Name % Correct
TV Show 2019-2022 Euphoria
100%
Web Mini-Series 2024 Under the Bridge
100%
Web Series 2022 The Umbrella Academy
94%
Web Series 2020 Utopia
74%
Film 2022 Samaritan
71%
Film 2021 The Addams Family 2
56%
TV Show 2023 Wild 'N Out
12%
No matching quizzes found
Score Distribution
Percent of People with Each Score
Percentile by Number Answered
Your Score History
You have not taken this quiz since the last reset